[Event "VIII Torneo Leonardo di Bona B"]
[Site "Cutro ITA"]
[Date "2002.04.28"]
[Round "5"]
[White "Russo, Carmelo"]
[Black "Grano, Giuseppe"]
[Result "1-0"]
[WhiteElo "1669"]
[BlackElo "1567"]
[PlyCount "66"]
[EventDate "2002.04.24"]

1. Nf3 Nf6 2. g3 d5 3. Bg2 Nbd7 4. d4 e6 5. O-O Bd6 6. Nbd2 c6 7. c4 O-O 8. c5
Bc7 9. Qc2 Re8 10. e4 e5 11. dxe5 Nxe5 12. Nxe5 Bxe5 13. exd5 cxd5 14. Nf3 Bd7
15. Re1 Ne4 16. Nxe5 Rxe5 17. Bf4 Re8 18. Rad1 Qa5 19. Bxe4 dxe4 20. Re3 Bg4
21. Ra1 Bf3 22. a3 Rac8 23. b4 Qb5 24. Rc1 Qd7 25. Qc3 Qh3 26. Rxf3 exf3 27.
Qxf3 Qe6 28. Qxb7 Re7 29. Qf3 Rce8 30. c6 Qh3 31. Be3 a6 32. c7 Re4 33. Qxe4
Qc8 1-0

[Event "VIII Torneo Leonardo di Bona B"]
[Site "Cutro ITA"]
[Date "2002.04.28"]
[Round "5"]
[White "Sautto, Alessandra"]
[Black "Solenghi, Giuseppe"]
[Result "1-0"]
[WhiteElo "1686"]
[BlackElo "1624"]
[PlyCount "67"]
[EventDate "2002.04.24"]

1. d4 d5 2. Nf3 g6 3. e3 Nf6 4. Bd3 Bg7 5. Nbd2 Nbd7 6. c3 O-O 7. O-O c5 8. Re1
c4 9. Bc2 b5 10. e4 Bb7 11. e5 Ne8 12. Nf1 Nc7 13. Be3 Ne6 14. Qd2 Re8 15. Bh6
Bh8 16. h4 Ndf8 17. N3h2 f5 18. h5 Ng7 19. hxg6 hxg6 20. Nf3 Bc8 21. Nh4 Qb6
22. Ne3 Qc6 23. g3 Nh7 24. Neg2 Bd7 25. Nf3 Red8 26. Ngh4 Be8 27. Kg2 Ne6 28.
Rh1 Nef8 29. Rh2 Bg7 30. Bxg7 Kxg7 31. Rah1 a5 32. Ng5 Ra6 33. Nxh7 Nxh7 34.
Nxf5+ 1-0

[Event "VIII Torneo Leonardo di Bona B"]
[Site "Cutro ITA"]
[Date "2002.04.28"]
[Round "5"]
[White "Todic, Simo"]
[Black "Fittante, Giuliana"]
[Result "1-0"]
[WhiteElo "1693"]
[BlackElo "1815"]
[PlyCount "118"]
[EventDate "2002.04.24"]

1. e4 e5 2. Nf3 Nf6 3. Nxe5 d6 4. Nf3 Nxe4 5. d4 d5 6. Bd3 Be7 7. O-O Nc6 8. c4
Nf6 9. cxd5 Nxd5 10. Be4 Be6 11. Nc3 O-O 12. Qb3 Nxc3 13. Qxc3 Bd5 14. Qd3 g6
15. a3 Bf6 16. Re1 Re8 17. Bf4 Bxe4 18. Rxe4 Rxe4 19. Qxe4 Nxd4 20. Nxd4 Qxd4
21. Qxb7 Rd8 22. g3 Qxb2 23. Rb1 Qxa3 24. Bxc7 Rd2 25. Qc8+ Kg7 26. Rb8 Qc1+
27. Kg2 Qc6+ 28. Kh3 Qe6+ 29. Qxe6 fxe6 30. Rb7 Rd7 31. Rxa7 Kf7 32. Bb6 Rxa7
33. Bxa7 h5 34. Kg2 e5 35. Kf3 Ke6 36. Ke4 Bd8 37. Be3 Be7 38. Bd2 Bd8 39. Bc3
Bf6 40. h4 g5 41. hxg5 Bxg5 42. Bxe5 h4 43. g4 h3 44. Bh2 Bh4 45. f4 Kf6 46.
Kf3 Kg6 47. Bg3 Be7 48. Bf2 Bd6 49. Be3 Be7 50. Kg3 h2 51. Kxh2 Bd6 52. Kg3 Be7
53. Kf3 Bd6 54. Ke4 Be7 55. f5+ Kf7 56. g5 Bd8 57. g6+ Kg7 58. Bd4+ Kg8 59. Kd5
Bg5 1-0

[Event "VIII Torneo Leonardo di Bona B"]
[Site "Cutro ITA"]
[Date "2002.04.28"]
[Round "5"]
[White "Tomba, Patrizia"]
[Black "Olivo, Gaetano"]
[Result "1/2-1/2"]
[WhiteElo "1543"]
[BlackElo "1513"]
[PlyCount "103"]
[EventDate "2002.04.24"]

1. e4 e6 2. d4 d5 3. e5 c5 4. c3 Nc6 5. Nf3 Bd7 6. a3 Qb6 7. b4 cxd4 8. cxd4 a6
9. Nc3 Rc8 10. Na4 Qa7 11. Be2 b5 12. Nc5 Bxc5 13. bxc5 Nge7 14. O-O O-O 15.
Bb2 f6 16. exf6 Rxf6 17. Qd3 Qb8 18. Bc1 h6 19. Bd2 Rcf8 20. Rab1 Be8 21. Qb3
Bg6 22. Rb2 Nf5 23. Bc3 Bh5 24. Qd1 Bxf3 25. Bxf3 Qf4 26. g3 Nxg3 27. fxg3 Qe3+
28. Kg2 Qxc3 29. Rb3 Qxd4 30. Qxd4 Nxd4 31. Rc3 Nc6 32. Be2 Rxf1 33. Bxf1 d4
34. Rc1 Rd8 35. Bd3 e5 36. Be4 Rc8 37. Kf3 Kf8 38. Kg4 Na5 39. c6 Nc4 40. Ra1
Ke7 41. Kf5 Nd6+ 42. Kxe5 Nxe4 43. Kxe4 Rxc6 44. Kxd4 g5 45. Ra2 Ke6 46. Re2+
Kf5 47. Kd5 Rg6 48. h3 Rf6 49. Rf2+ Kg6 50. Rxf6+ Kxf6 51. Kc6 g4 52. h4
1/2-1/2

[Event "VIII Torneo Leonardo di Bona B"]
[Site "Cutro ITA"]
[Date "2002.04.29"]
[Round "6"]
[White "Anastasio, Giovanni"]
[Black "Olivo, Paolo"]
[Result "0-1"]
[WhiteElo "1507"]
[BlackElo "1570"]
[PlyCount "164"]
[EventDate "2002.04.24"]

1. d4 Nf6 2. e3 g6 3. Nf3 Bg7 4. Bd3 O-O 5. e4 d6 6. O-O Bg4 7. Nbd2 e6 8. c3
c6 9. Qc2 Nbd7 10. b3 e5 11. Ba3 c5 12. dxe5 Ne8 13. exd6 Nxd6 14. Rab1 Qa5 15.
Bb2 b5 16. Be2 Qc7 17. c4 b4 18. Bxg7 Kxg7 19. Qb2+ Kg8 20. Rfe1 Rfe8 21. Bd3
a5 22. Re3 a4 23. bxa4 Rxa4 24. Bc2 Ra6 25. Rbe1 Rea8 26. Bb3 Nb7 27. Ra1 Na5
28. Nh4 Ne5 29. f3 Nxb3 30. Rxb3 Be6 31. Qc2 Qe7 32. g3 Qf6 33. Qb2 g5 34. Ng2
Rd8 35. Rf1 Ra3 36. Kh1 Qg7 37. Rxa3 bxa3 38. Qc1 Rd4 39. Ne3 Qf8 40. Nd5 Qd8
41. Qc2 Nd3 42. Nb3 Nb4 43. Nxb4 Rxc4 44. Qf2 cxb4 45. Qe2 Qc7 46. Rf2 Rc3 47.
Nd4 Qc4 48. Qd2 h6 49. Nxe6 Rd3 50. Qc2 Qxc2 51. Rxc2 fxe6 52. Kg2 Rc3 53. Rd2
b3 54. axb3 Rxb3 55. Rd8+ Kf7 56. Ra8 Rb2+ 57. Kh3 a2 58. g4 Kf6 59. Kg3 Ke5
60. Ra4 Kd6 61. h4 e5 62. hxg5 hxg5 63. Ra5 Kc6 64. Ra3 Kb5 65. Ra8 Kb4 66. f4
exf4+ 67. Kf3 Kc4 68. Rc8+ Kb4 69. Rb8+ Kc5 70. Rc8+ Kb6 71. Ra8 Kb5 72. Rb8+
Kc4 73. Rc8+ Kb3 74. Ra8 Kc2 75. e5 Kb1 76. e6 Rb7 77. e7 Rxe7 78. Rb8+ Ka1 79.
Rb6 Re3+ 80. Kg2 Re2+ 81. Kf3 Rb2 82. Rd6 Kb1 0-1

[Event "VIII Torneo Leonardo di Bona B"]
[Site "Cutro ITA"]
[Date "2002.04.29"]
[Round "6"]
[White "Armentano, Alessio"]
[Black "Russo, Carmelo"]
[Result "1-0"]
[WhiteElo "1828"]
[BlackElo "1669"]
[PlyCount "78"]
[EventDate "2002.04.24"]

1. e4 e5 2. Nf3 Nc6 3. Bb5 a5 4. O-O Na7 5. Be2 d6 6. d4 Nf6 7. dxe5 Nxe4 8.
Re1 Be7 9. Bc4 Nc5 10. Be3 Ne6 11. Qe2 O-O 12. Nc3 dxe5 13. Rad1 Qe8 14. Bxa7
Rxa7 15. Nb5 Ra6 16. Bxe6 Rxe6 17. Nxc7 Qa4 18. Nxe6 Bxe6 19. Qxe5 Bf6 20. Qe4
Qxe4 21. Rxe4 Bxa2 22. Ra4 Be6 23. Rxa5 Bxb2 24. Rb5 Bc3 25. Rxb7 Rc8 26. Rc7
Bf6 27. Rxc8+ Bxc8 28. Rb1 g5 29. Rb8 Kg7 30. Rxc8 h5 31. c4 g4 32. Nd2 h4 33.
c5 Bd4 34. Nb3 Be5 35. c6 Kg6 36. Re8 Bf4 37. g3 hxg3 38. hxg3 Bd6 39. Nd2 Kf5
1-0

[Event "VIII Torneo Leonardo di Bona B"]
[Site "Cutro ITA"]
[Date "2002.04.29"]
[Round "6"]
[White "Baffa, Pietro"]
[Black "Conforti, Raffaello"]
[Result "1-0"]
[WhiteElo "1636"]
[BlackElo "1651"]
[PlyCount "147"]
[EventDate "2002.04.24"]

1. d4 Nf6 2. c4 g6 3. Nc3 Bg7 4. e4 d6 5. Be3 O-O 6. h3 Nbd7 7. Nf3 c6 8. Bd3
Qc7 9. O-O e5 10. d5 a6 11. Rc1 c5 12. a3 Qa5 13. Bd2 Qc7 14. b4 b6 15. Na2 Bb7
16. a4 Rfb8 17. Qb3 Bc8 18. b5 a5 19. Nh2 Nh5 20. Nc3 Ndf6 21. Ne2 Bf8 22. Bb1
Qd8 23. f4 Bh6 24. Qf3 Qe7 25. Rcd1 Bxf4 26. Bxf4 exf4 27. Nxf4 Ng7 28. Nxg6
hxg6 29. Qxf6 Ra7 30. Rd2 Nh5 31. Qxe7 Rxe7 32. Rf3 Bd7 33. g4 Ng7 34. Nf1 Rf8
35. Rdf2 Re5 36. Ng3 Rg5 37. Kh2 Re5 38. Bc2 Bc8 39. Rf4 Rg5 40. R4f3 Re5 41.
Rf6 Ne8 42. R6f4 Ng7 43. h4 Bd7 44. Bd1 Be8 45. Rf1 g5 46. hxg5 Rxg5 47. Nf5
Nxf5 48. gxf5 Kg7 49. Rg4 Rxg4 50. Bxg4 Kf6 51. Kg3 Ke5 52. Bf3 Kd4 53. Rc1 f6
54. Kf4 Bd7 55. Be2 Rh8 56. Rd1+ Kc3 57. Rd3+ Kb4 58. Rg3 Rf8 59. Rg7 Bc8 60.
Rb7 Kxa4 61. Rxb6 Kb4 62. Rb8 Re8 63. b6 Re7 64. Rxc8 Rb7 65. Rc6 a4 66. Rxd6
a3 67. Rd8 Rxb6 68. Ra8 Kb3 69. e5 fxe5+ 70. Kxe5 a2 71. d6 Rb7 72. Ke6 Kb2 73.
d7 Rxd7 74. Kxd7 1-0

[Event "VIII Torneo Leonardo di Bona B"]
[Site "Cutro ITA"]
[Date "2002.04.29"]
[Round "6"]
[White "Forlano, Luigi"]
[Black "Mano, Vincenzo"]
[Result "1-0"]
[WhiteElo "1884"]
[BlackElo "1798"]
[PlyCount "105"]
[EventDate "2002.04.24"]

1. e4 c5 2. Nf3 d6 3. d4 cxd4 4. Nxd4 Nf6 5. f3 a6 6. c4 Nbd7 7. Be3 Ne5 8. Qd2
h6 9. Nc3 e6 10. Be2 Bd7 11. O-O Rc8 12. b3 Be7 13. Rac1 Nc6 14. Rfd1 Qa5 15.
Nxc6 Bxc6 16. Bf1 Nd7 17. Bd4 Nf6 18. g3 Qh5 19. b4 O-O 20. b5 axb5 21. cxb5
Bd7 22. a4 Ra8 23. Be2 Qg6 24. Ra1 e5 25. Be3 Be6 26. a5 h5 27. a6 bxa6 28.
bxa6 h4 29. g4 h3 30. Kh1 Rfd8 31. Bd3 Nd7 32. Bf1 Qh7 33. a7 Nc5 34. Bxc5 dxc5
35. Qxd8+ Rxd8 36. Rxd8+ Bxd8 37. a8=Q Qh4 38. Rd1 Kh7 39. Qxd8 Qf2 40. Bxh3
Qxf3+ 41. Bg2 Qxg4 42. Qd3 Qg5 43. Qg3 Qh6 44. Qxe5 Bg4 45. Re1 Qd2 46. Qg3 Be6
47. Nd5 g6 48. Nf6+ Kg7 49. e5 c4 50. Qe3 Qb4 51. h3 Bf5 52. Ra1 c3 53. Ra8 1-0

[Event "VIII Torneo Leonardo di Bona B"]
[Site "Cutro ITA"]
[Date "2002.04.29"]
[Round "6"]
[White "Grano, Giuseppe"]
[Black "Tomba, Patrizia"]
[Result "1-0"]
[WhiteElo "1567"]
[BlackElo "1543"]
[PlyCount "65"]
[EventDate "2002.04.24"]

1. Nf3 Nf6 2. d4 g6 3. e3 Bg7 4. Bd3 O-O 5. c3 d6 6. Nbd2 Nbd7 7. O-O e5 8. e4
Nh5 9. Nb3 c5 10. Bg5 f6 11. Bc4+ Kh8 12. Be3 Nb6 13. Be2 cxd4 14. cxd4 Bd7 15.
Nfd2 Nf4 16. Bxf4 exf4 17. Nf3 Qe7 18. Bd3 Rac8 19. Rc1 Bg4 20. Rxc8 Rxc8 21.
Nbd2 Qd7 22. Qb3 d5 23. exd5 Nxd5 24. Bc4 Nb6 25. Bb5 Qd8 26. Re1 f5 27. Re8+
Qxe8 28. Bxe8 Rxe8 29. Kf1 h6 30. Qf7 Rd8 31. Nb3 Bxf3 32. gxf3 Bxd4 33. Nxd4
1-0

[Event "VIII Torneo Leonardo di Bona B"]
[Site "Cutro ITA"]
[Date "2002.04.29"]
[Round "6"]
[White "Leto, Marco"]
[Black "Frontera, Giuseppe"]
[Result "1-0"]
[WhiteElo "1639"]
[BlackElo "1768"]
[PlyCount "45"]
[EventDate "2002.04.24"]

1. d4 Nf6 2. c4 g6 3. Nc3 Bg7 4. e4 d6 5. f4 O-O 6. Nf3 c6 7. e5 dxe5 8. fxe5
Ne8 9. Be2 Nc7 10. O-O Nba6 11. h3 h6 12. Be3 Bd7 13. Qd2 Kh7 14. Rad1 e6 15.
a3 b5 16. Nh2 f5 17. exf6 Rxf6 18. Ng4 Rxf1+ 19. Rxf1 h5 20. Bg5 Qg8 21. Nf6+
Bxf6 22. Bxf6 Rf8 23. Ne4 1-0

[Event "VIII Torneo Leonardo di Bona B"]
[Site "Cutro ITA"]
[Date "2002.04.29"]
[Round "6"]
[White "Levato, Biagio"]
[Black "Londino, Eugenio"]
[Result "0-1"]
[WhiteElo "1413"]
[BlackElo "1473"]
[PlyCount "98"]
[EventDate "2002.04.24"]

1. d4 e6 2. c4 b6 3. Nc3 Bb7 4. e4 g6 5. Nf3 Bg7 6. Be2 Ne7 7. O-O O-O 8. Bf4
d6 9. e5 d5 10. Qc2 Qd7 11. a3 Re8 12. Rfe1 dxc4 13. Ne4 Nd5 14. Bg3 Ba6 15.
Bxc4 Bb7 16. Bh4 Bf8 17. Rac1 Qc8 18. Bxd5 Bxd5 19. Qxc7 Qxc7 20. Rxc7 Nc6 21.
Nfg5 Re7 22. Rxe7 Nxe7 23. Nd6 Nc6 24. Ngxf7 Nxd4 25. Ng5 Nf5 26. Nxf5 gxf5 27.
f4 Rc8 28. Bf2 Rc7 29. Bd4 Rg7 30. Kf1 Rc7 31. Re3 Rc2 32. Nf3 b5 33. Bc3 a6
34. Kg1 Bc5 35. Nd4 Rxg2+ 36. Kf1 Rxh2 37. Rg3+ Kf7 38. Kg1 Rh4 39. Kf1 Rxf4+
40. Ke2 Bxd4 41. Bxd4 Rxd4 42. b3 Re4+ 43. Kd3 Rxe5 44. Kd4 Re1 45. Kc5 f4 46.
Rc3 f3 47. Rc2 Re2 48. Rc1 f2 49. Kb6 Re1 0-1

[Event "VIII Torneo Leonardo di Bona B"]
[Site "Cutro ITA"]
[Date "2002.04.29"]
[Round "6"]
[White "Liperoti, Mimmo"]
[Black "Sautto, Alessandra"]
[Result "1/2-1/2"]
[WhiteElo "1600"]
[BlackElo "1686"]
[PlyCount "83"]
[EventDate "2002.04.24"]

1. d4 d5 2. e3 Nf6 3. c4 e6 4. Nf3 Be7 5. c5 c6 6. Bd3 Qc7 7. Nc3 Nbd7 8. Bd2
e5 9. Bc2 e4 10. Ng1 Nf8 11. h3 Ng6 12. Qe2 b5 13. a3 a5 14. Na2 Nh4 15. Qf1 b4
16. Bd1 bxa3 17. b3 O-O 18. Nc3 Qb8 19. Rxa3 Ba6 20. Be2 Bxe2 21. Ncxe2 Bd8 22.
f3 Bc7 23. f4 Nf5 24. Kf2 Qd8 25. Qa1 Nd7 26. Ng3 Qh4 27. N1e2 Nxg3 28. Nxg3
Nf6 29. Qd1 g5 30. Rf1 gxf4 31. exf4 Kg7 32. b4 axb4 33. Rb3 Rfe8 34. Kg1 Kh8
35. Be1 Qh6 36. Nf5 Qg6 37. Nh4 Qh5 38. Qxh5 Nxh5 39. Bd2 Ra2 40. Bxb4 Nxf4 41.
Be1 Ne2+ 42. Kh1 1/2-1/2

[Event "VIII Torneo Leonardo di Bona B"]
[Site "Cutro ITA"]
[Date "2002.04.29"]
[Round "6"]
[White "Morelli, Gaetano"]
[Black "Fittante, Giuliana"]
[Result "1-0"]
[WhiteElo "1668"]
[BlackElo "1815"]
[PlyCount "95"]
[EventDate "2002.04.24"]

1. d4 Nf6 2. c4 c5 3. Nf3 g6 4. Nc3 Bg7 5. e3 O-O 6. Be2 d6 7. O-O Nbd7 8. a4
b6 9. a5 bxa5 10. Qa4 Bb7 11. Qxa5 Qb6 12. Bd2 Rfc8 13. d5 Qxa5 14. Rxa5 Nb6
15. Rb1 e6 16. dxe6 fxe6 17. Ng5 Re8 18. Nb5 Ne4 19. Nxe4 Bxe4 20. Rd1 Rad8 21.
Rxa7 Bxb2 22. Ra6 Nc8 23. Ba5 Bb7 24. Raxd6 Nxd6 25. Nxd6 Rxd6 26. Rxd6 Be4 27.
f3 Be5 28. Rd2 Bc6 29. Bb6 Rc8 30. f4 Bc3 31. Rd6 Kf7 32. Bg4 Be8 33. Bxe6+ Ke7
34. Bxc8 Kxd6 35. Kf2 Bf7 36. Ba6 Bb2 37. Kf3 Kc6 38. Ba5 Kd6 39. g4 Bc1 40.
Bc3 Ba3 41. e4 Bc1 42. Bb5 Be6 43. f5 gxf5 44. gxf5 Bf7 45. e5+ Ke7 46. Ke4 Bg5
47. Ba5 Kf8 48. Bc7 1-0

[Event "VIII Torneo Leonardo di Bona B"]
[Site "Cutro ITA"]
[Date "2002.04.29"]
[Round "6"]
[White "Olivo, Gaetano"]
[Black "Paragliola, Gennaro"]
[Result "1-0"]
[WhiteElo "1513"]
[BlackElo "1495"]
[PlyCount "41"]
[EventDate "2002.04.24"]

1. e4 d6 2. d4 Nf6 3. Bd3 g6 4. Nf3 Bg7 5. h3 O-O 6. Bg5 Nc6 7. Qd2 e5 8. d5
Ne7 9. Bh6 c5 10. Bxg7 Kxg7 11. c4 h5 12. Nc3 Nh7 13. g4 hxg4 14. hxg4 Bxg4 15.
Qh6+ Kf6 16. Qh4+ Kg7 17. Qxh7+ Kf6 18. Qh4+ Kg7 19. Qxg4 Rh8 20. O-O-O f5 21.
exf5 1-0

[Event "VIII Torneo Leonardo di Bona B"]
[Site "Cutro ITA"]
[Date "2002.04.29"]
[Round "6"]
[White "Parrotta, Daniele"]
[Black "Todic, Simo"]
[Result "1-0"]
[WhiteElo "1723"]
[BlackElo "1693"]
[PlyCount "58"]
[EventDate "2002.04.24"]

1. e4 c5 2. c3 d5 3. exd5 Qxd5 4. d4 Nc6 5. Nf3 Bg4 6. Be2 cxd4 7. cxd4 Rd8 8.
Nc3 Qa5 9. Be3 e5 10. O-O Nf6 11. Re1 Bb4 12. Qc2 Bxf3 13. Bxf3 O-O 14. Bxc6
exd4 15. Bxd4 Rxd4 16. Bxb7 Rfd8 17. Rad1 g6 18. Rxd4 Rxd4 19. h3 Rc4 20. Re3
Qc7 21. Qd3 Bd6 22. g3 Rb4 23. Nd5 Nxd5 24. Bxd5 Rxb2 25. Rf3 Qc1+ 26. Kg2 Rd2
27. Qe4 Rd1 28. Rxf7 Rg1+ 29. Kh2 Re1 1-0

[Event "VIII Torneo Leonardo di Bona B"]
[Site "Cutro ITA"]
[Date "2002.04.29"]
[Round "6"]
[White "Solenghi, Giuseppe"]
[Black "Procopio, Giuseppe"]
[Result "0-1"]
[WhiteElo "1624"]
[BlackElo "1432"]
[PlyCount "70"]
[EventDate "2002.04.24"]

1. e4 e5 2. d4 exd4 3. c3 dxc3 4. Bc4 d6 5. Nxc3 Nf6 6. Nf3 h6 7. O-O Be7 8.
Re1 O-O 9. e5 dxe5 10. Nxe5 Qxd1 11. Rxd1 Bd6 12. Bf4 Nh5 13. Nxf7 Bxf4 14.
Ng5+ Kh8 15. Nf7+ Kh7 16. Ne2 Nc6 17. Rd5 Rxf7 18. Rxh5 Rf6 19. Nxf4 Rxf4 20.
Rd5 Be6 21. Bd3+ Kh8 22. Rc5 Raf8 23. f3 Bf5 24. Bc4 Bg6 25. a3 R8f6 26. Bd5
Bf7 27. Be4 Rd6 28. Kf2 Rff6 29. Ke3 Bg6 30. Bd5 Rf5 31. Rd1 Rh5 32. b4 a5 33.
Rd2 Re5+ 34. Kf2 Bf7 35. f4 Rexd5 0-1

[Event "VIII Torneo Leonardo di Bona B"]
[Site "Cutro ITA"]
[Date "2002.04.29"]
[Round "7"]
[White "Baffa, Pietro"]
[Black "Armentano, Alessio"]
[Result "1/2-1/2"]
[WhiteElo "1636"]
[BlackElo "1828"]
[PlyCount "110"]
[EventDate "2002.04.24"]

1. d4 f5 2. c4 Nf6 3. Nc3 d6 4. Nf3 g6 5. e3 Bg7 6. b3 O-O 7. Bb2 a6 8. Qc2 Qe8
9. Be2 h6 10. Rd1 Nbd7 11. e4 e6 12. O-O Qf7 13. e5 dxe5 14. Nxe5 Nxe5 15. dxe5
Nd7 16. f4 g5 17. g3 Kh8 18. Kh1 Rg8 19. Bf3 Rb8 20. h3 Bf8 21. Nd5 c6 22. Nf6
Nxf6 23. exf6 g4 24. hxg4 fxg4 25. Bg2 Qh5+ 26. Kg1 Bc5+ 27. Rf2 Bxf2+ 28. Kxf2
Qf7 29. Rh1 Rg6 30. Be4 Kh7 31. Rh4 Bd7 32. Rxg4 Rbg8 33. Bxg6+ Rxg6 34. Qxg6+
Qxg6 35. Rxg6 Kxg6 36. g4 b5 37. Kf3 a5 38. c5 e5 39. Bxe5 Be8 40. Bd4 Bf7 41.
Ke4 Bd5+ 42. Ke5 Kf7 43. Be3 Bf3 44. g5 hxg5 45. fxg5 Bd5 46. Kd6 Be4 47. Kc7
a4 48. Kb6 axb3 49. axb3 Bd5 50. b4 Be4 51. Kc7 Bd5 52. Kd6 Be4 53. Ke5 Bd5 54.
Kf5 Be6+ 55. Ke5 Bd5 1/2-1/2

[Event "VIII Torneo Leonardo di Bona B"]
[Site "Cutro ITA"]
[Date "2002.04.29"]
[Round "7"]
[White "Fittante, Giuliana"]
[Black "Leto, Marco"]
[Result "1/2-1/2"]
[WhiteElo "1815"]
[BlackElo "1639"]
[PlyCount "112"]
[EventDate "2002.04.24"]

1. d4 d5 2. Nf3 Nf6 3. Bg5 e6 4. e3 Be7 5. Nbd2 Nbd7 6. Bd3 c5 7. c3 b6 8. O-O
O-O 9. Qa4 h6 10. Bh4 Bb7 11. Ne5 Nxe5 12. dxe5 Nd7 13. Bg3 c4 14. Bb1 f5 15.
exf6 Nxf6 16. e4 dxe4 17. Nxc4 Qd7 18. Qxd7 Nxd7 19. Bd6 Bxd6 20. Nxd6 Ba6 21.
Bxe4 Bxf1 22. Bxa8 Rxa8 23. Kxf1 Kf8 24. Re1 Ke7 25. Nf5+ Kf6 26. Nd4 Nf8 27.
f4 a6 28. Re4 Rd8 29. Ke2 Rd5 30. h4 e5 31. Nc6 exf4 32. Rxf4+ Rf5 33. Rd4 Ke6
34. Rd8 Rf6 35. Rb8 Kd7 36. Nd4 Ke7 37. Rb7+ Nd7 38. Ra7 a5 39. Ke3 Kd6 40. Rb7
g6 41. g3 Rf1 42. a4 Re1+ 43. Kf2 Rb1 44. b3 Rc1 45. Nb5+ Ke6 46. c4 Rb1 47.
Rc7 Ke7 48. Nd4 Rd1 49. Ke3 Rg1 50. Kf3 Rf1+ 51. Ke4 Rf6 52. c5 bxc5 53. Nb5
Re6+ 54. Kd5 Re5+ 55. Kc6 Re6+ 56. Kd5 Re5+ 1/2-1/2

[Event "VIII Torneo Leonardo di Bona B"]
[Site "Cutro ITA"]
[Date "2002.04.29"]
[Round "7"]
[White "Frontera, Giuseppe"]
[Black "Olivo, Gaetano"]
[Result "1-0"]
[WhiteElo "1768"]
[BlackElo "1513"]
[PlyCount "59"]
[EventDate "2002.04.24"]

1. e4 e5 2. Nf3 Nc6 3. d4 exd4 4. Nxd4 Nxd4 5. Qxd4 Ne7 6. Bc4 b6 7. Nc3 c5 8.
Qe5 d6 9. Bb5+ Bd7 10. Qxd6 Bxb5 11. Nxb5 Rc8 12. Qxd8+ Rxd8 13. Nxa7 g6 14.
O-O Bg7 15. c3 O-O 16. Bg5 f6 17. Bf4 g5 18. Bg3 Rd2 19. Rfd1 Rxb2 20. Rd7 Re8
21. f3 f5 22. Bd6 Bf6 23. e5 Nd5 24. exf6 Nxf6 25. Re7 Rd8 26. Rd1 Rxa2 27. Nc6
Rda8 28. Be5 Nh5 29. g4 Re2 30. gxh5 1-0

[Event "VIII Torneo Leonardo di Bona B"]
[Site "Cutro ITA"]
[Date "2002.04.29"]
[Round "7"]
[White "Paragliola, Gennaro"]
[Black "Levato, Biagio"]
[Result "1/2-1/2"]
[WhiteElo "1495"]
[BlackElo "1413"]
[PlyCount "120"]
[EventDate "2002.04.24"]

1. d4 Nf6 2. c4 g6 3. Nc3 Bg7 4. e4 d6 5. Nf3 O-O 6. Be2 Nbd7 7. O-O c5 8. d5
Nb6 9. Be3 e6 10. Nd2 a6 11. h3 Re8 12. Bg5 exd5 13. exd5 Qc7 14. Rc1 Bd7 15.
b3 Nc8 16. Re1 Ne7 17. Nde4 Nxe4 18. Nxe4 Nf5 19. Bd3 h6 20. Bf6 Rxe4 21. Bxg7
Rxe1+ 22. Qxe1 Kxg7 23. Bxf5 Bxf5 24. Qc3+ Kg8 25. Re1 g5 26. Qf6 Bg6 27. h4
Qd8 28. Re7 Kf8 29. hxg5 hxg5 30. g3 b6 31. Kh2 Ra7 32. Re6 Qxf6 33. Rxf6 Ke7
34. Rf3 b5 35. Kh3 bxc4 36. bxc4 Ra8 37. Kg4 f6 38. Re3+ Kf7 39. Re6 Rd8 40. f4
gxf4 41. gxf4 f5+ 42. Kg5 Bh7 43. Rf6+ Kg7 44. Re6 Rd7 45. a4 a5 46. Rh6 Kg8
47. Re6 Rg7+ 48. Kf6 Rg6+ 49. Kxf5 Rxe6+ 50. Kxe6 Bc2 51. Kxd6 Bxa4 52. Kxc5
Be8 53. Kd4 Kf7 54. c5 Ke7 55. c6 Kd6 56. Kc4 a4 57. Kb4 a3 58. Kxa3 Kxd5 59.
c7 Bd7 60. Kb4 Ke4 1/2-1/2

[Event "VIII Torneo Leonardo di Bona B"]
[Site "Cutro ITA"]
[Date "2002.04.29"]
[Round "7"]
[White "Parrotta, Daniele"]
[Black "Forlano, Luigi"]
[Result "0-1"]
[WhiteElo "1723"]
[BlackElo "1884"]
[PlyCount "94"]
[EventDate "2002.04.24"]

1. e4 Nf6 2. e5 Nd5 3. Na3 d6 4. d4 g6 5. Nf3 Bg7 6. Nc4 O-O 7. Bg5 h6 8. Bd2
Nc6 9. Be2 b5 10. Na3 dxe5 11. dxe5 Nxe5 12. Nxe5 Bxe5 13. Bxh6 Bxb2 14. Bxf8
Kxf8 15. Bf3 Be6 16. Nxb5 c6 17. Nd4 Qa5+ 18. Kf1 Nc3 19. Nxe6+ fxe6 20. Qd4
Qb5+ 21. Kg1 Bxa1 22. Qh8+ Kf7 23. Qh7+ Ke8 24. Qxg6+ Kd7 25. h4 Qf5 26. Qxf5
exf5 27. Kh2 Bb2 28. Kg3 e5 29. Re1 Rg8+ 30. Kh3 Nxa2 31. g4 e4 32. Be2 Nc3 33.
gxf5 Nxe2 34. Rxe2 Re8 35. Kg4 Bf6 36. h5 a5 37. c4 Kd6 38. h6 Rg8+ 39. Kf4
Bg5+ 40. Kg4 Bxh6+ 41. Kh5 Bc1 42. c5+ Ke5 43. f3 e3 44. f6 Kxf6 45. f4 Kf5 46.
Kh4 Kxf4 47. Kh5 Bd2 0-1

[Event "VIII Torneo Leonardo di Bona B"]
[Site "Cutro ITA"]
[Date "2002.04.29"]
[Round "7"]
[White "Procopio, Giuseppe"]
[Black "Londino, Eugenio"]
[Result "0-1"]
[WhiteElo "1432"]
[BlackElo "1473"]
[PlyCount "98"]
[EventDate "2002.04.24"]

1. e4 e6 2. d4 b6 3. Nc3 Bb7 4. Bf4 g6 5. Nb5 d6 6. d5 e5 7. Be3 Nf6 8. Bd3 Bg7
9. c4 a6 10. Nc3 O-O 11. Nf3 Nbd7 12. b4 Qc8 13. O-O Nh5 14. Rc1 Nf4 15. Bxf4
exf4 16. Ne2 Ne5 17. Nxe5 Bxe5 18. Nc3 Qd8 19. Qf3 Qf6 20. Be2 Bc8 21. h3 g5
22. g4 fxg3 23. fxg3 Qxf3 24. Rxf3 g4 25. hxg4 Bxg4 26. Re3 Bd4 27. Rc2 Bxe3+
28. Kf1 Bh3+ 29. Ke1 Bd7 30. g4 Bd4 31. Bf3 Be5 32. Ke2 a5 33. b5 a4 34. a3 Kh8
35. Nd1 Rg8 36. Ne3 Bd4 37. Nf5 Bxf5 38. exf5 Rae8+ 39. Kd3 Bc5 40. Be4 f6 41.
Rh2 Re7 42. g5 fxg5 43. Rh6 Rf8 44. Re6 Ref7 45. Kc3 Bxa3 46. Kc2 Bc5 47. Kb1
a3 48. Bd3 Rg7 49. Be4 g4 0-1

[Event "VIII Torneo Leonardo di Bona B"]
[Site "Cutro ITA"]
[Date "2002.04.29"]
[Round "7"]
[White "Russo, Carmelo"]
[Black "Olivo, Paolo"]
[Result "1-0"]
[WhiteElo "1669"]
[BlackElo "1570"]
[PlyCount "51"]
[EventDate "2002.04.24"]

1. Nf3 Nf6 2. g3 d5 3. Bg2 Bg4 4. b3 c5 5. O-O Nc6 6. d4 cxd4 7. Nxd4 e5 8.
Nxc6 bxc6 9. c4 Bc5 10. Bb2 O-O 11. h3 Bh5 12. cxd5 cxd5 13. Nc3 d4 14. Na4 Rc8
15. Nxc5 Rxc5 16. Ba3 d3 17. Qxd3 Qxd3 18. exd3 Rc3 19. Bxf8 Kxf8 20. Rfe1 Nd7
21. Rac1 Rxd3 22. Rc8+ Ke7 23. Rc7 f6 24. g4 Bf7 25. Be4 g6 26. Bxd3 1-0

[Event "VIII Torneo Leonardo di Bona B"]
[Site "Cutro ITA"]
[Date "2002.04.29"]
[Round "7"]
[White "Sautto, Alessandra"]
[Black "Grano, Giuseppe"]
[Result "1/2-1/2"]
[WhiteElo "1686"]
[BlackElo "1567"]
[PlyCount "106"]
[EventDate "2002.04.24"]

1. d4 Nf6 2. Nf3 d5 3. e3 g6 4. Bd3 Bg7 5. Nbd2 Nbd7 6. O-O O-O 7. c3 c5 8. Re1
c4 9. Bc2 e6 10. e4 dxe4 11. Nxe4 Qc7 12. Nxf6+ Nxf6 13. Qe2 b5 14. a4 b4 15.
cxb4 Bb7 16. Bd2 Bxf3 17. Qxf3 Nd5 18. Bc3 Rab8 19. b5 Qb6 20. Rad1 a6 21. Be4
Rfd8 22. bxa6 Qxa6 23. Bxd5 Rxd5 24. a5 Rb3 25. Qe4 Bf8 26. Re3 Bb4 27. Rh3
Bxc3 28. bxc3 Qxa5 29. Qe3 Rh5 30. Rxh5 Qxh5 31. Rc1 Qf5 32. h3 h5 33. Qe2 Qd3
34. Qxd3 cxd3 35. Kf1 Kf8 36. Ke1 Ke7 37. Kd2 Rb2+ 38. Kxd3 Rxf2 39. Rc2 Rf5
40. c4 Kd6 41. Ke4 Ra5 42. c5+ Kc6 43. Rf2 Ra7 44. Rb2 Ra1 45. Rf2 Re1+ 46. Kd3
f5 47. Re2 Rxe2 48. Kxe2 e5 49. dxe5 Kxc5 50. Ke3 g5 51. h4 Kd5 52. hxg5 Kxe5
53. g3 Kd6 1/2-1/2

[Event "VIII Torneo Leonardo di Bona B"]
[Site "Cutro ITA"]
[Date "2002.04.29"]
[Round "7"]
[White "Todic, Simo"]
[Black "Morelli, Gaetano"]
[Result "1-0"]
[WhiteElo "1693"]
[BlackElo "1668"]
[PlyCount "83"]
[EventDate "2002.04.24"]

1. e4 Nf6 2. e5 Nd5 3. d4 d6 4. Nf3 Bg4 5. h3 Bh5 6. Be2 e6 7. c4 Nb6 8. b3
dxe5 9. dxe5 Bb4+ 10. Bd2 Nc6 11. a3 Bxf3 12. Bxb4 Qd4 13. Bxf3 Qxa1 14. Bc3
Qa2 15. O-O Rd8 16. Nd2 Rd3 17. Qc1 Nd4 18. Bd1 O-O 19. Bxd4 Qxd2 20. Qxd2 Rxd2
21. Be3 Rd3 22. Bc2 Rc3 23. Rc1 Rxe3 24. fxe3 Rd8 25. c5 Nc8 26. Be4 b6 27.
cxb6 cxb6 28. Rc7 Kf8 29. Kf2 Ne7 30. Rxa7 Nd5 31. b4 f5 32. exf6 Nxf6 33. Kf3
Rb8 34. Kf4 Rd8 35. Bc6 Rd3 36. e4 Rxa3 37. Ke5 Rd3 38. Kxe6 Rd8 39. e5 Ne8 40.
Rf7+ Kg8 41. Ke7 Nd6 42. exd6 1-0